000 00359nam a2200145Ia 4500
008 240624s9999 xx 000 0 und d
041 _aeng
082 _a338.5 AGA
100 _aAGARWALA S K
245 _aMICROECONOMIC THEORY AND APPLICATIONS
260 _c2008
_aNew Delhi
_bExcel Books
300 _a162 : p. : cm. ; 24
365 _cRS
_b35
440 _v2
999 _c12030
_d12030